000 00782pam a2200229 a 4500
001 4714746
005 20250221110828.0
008 830706s1984 nyua 001 0 eng
020 _a0070080453 :
_c$14.45 (est.)
050 0 0 _aHF5686.C8
_bB679 1984
082 0 0 _a657/.42
_219
100 1 _aBrock, Horace R.
245 1 0 _aCost accounting :
_bprinciples and applications /
_cHorace R. Brock, Charles E. Palmer ; contributing author of the Computers in cost accounting vignettes, Billie M. Cunningham.
250 _a4th ed.
260 _aNew York :
_bMcGraw-Hill,
_cc1984.
300 _aix, 502 p. :
_bill. ;
_c25 cm.
500 _aIncludes index.
650 0 _aCost accounting.
700 1 _aPalmer, Charles Earl,
_d1919-
700 1 _aCunningham, Billie M.
942 _2lcc
_cBK
_n0
999 _c4018
_d4018